000 00414nam a2200157Ia 4500
008 210210b1982 xxu||||| |||| 00| 0 eng d
020 _a0 85685 823 4
082 _a796.41 AYKS
100 _aAYKROYD (Peter).
245 _aSkills and tactics of gymnastics.
260 _aHong Kong.
_bCavendish House.,
_c1982
300 _a152
650 _aGymnastics
690 _aAthletic & Outdoor Sports
906 _a039789
999 _c89851
_d89851